UBT Library

State of the world, 1999 : (Record no. 42530)

000 -LEADER
fixed length control field 01168cam a22003017a 4500
001 - CONTROL NUMBER
control field 17771135
005 - DATE AND TIME OF LATEST TRANSACTION
control field 20180214084646.0
008 - FIXED-LENGTH DATA ELEMENTS--GENERAL INFORMATION
fixed length control field 130610s1999 nyua b 001 0 eng d
010 ## - LIBRARY OF CONGRESS CONTROL NUMBER
LC control number 2013414487
020 ## - INTERNATIONAL STANDARD BOOK NUMBER
International Standard Book Number 039304713X
020 ## - INTERNATIONAL STANDARD BOOK NUMBER
International Standard Book Number 9780393047134
020 ## - INTERNATIONAL STANDARD BOOK NUMBER
International Standard Book Number 039331815X (pbk. : alk paper)
020 ## - INTERNATIONAL STANDARD BOOK NUMBER
International Standard Book Number 9780393318159 (pbk. : alk. paper)
035 ## - SYSTEM CONTROL NUMBER
System control number (OCoLC)ocm40613781
040 ## - CATALOGING SOURCE
Original cataloging agency YSY
Transcribing agency YSY
Modifying agency JYJ
-- CD5
-- EL$
-- OCLCQ
-- BAKER
-- OCLCG
-- FER
-- HNW
-- OCLCA
-- DLC
041 ## - LANGUAGE CODE
Language code of text/sound track or separate title eng
042 ## - AUTHENTICATION CODE
Authentication code lccopycat
080 ## - UNIVERSAL DECIMAL CLASSIFICATION NUMBER
Universal Decimal Classification number 338.9 BRO
082 04 - DEWEY DECIMAL CLASSIFICATION NUMBER
Classification number 338.9 BRO
100 ## - Rafti
Rafti 54
101 ## - Shkurtesa
Shkurtesa MEN
245 00 - TITLE STATEMENT
Title State of the world, 1999 :
Statement of responsibility, etc project director, Lester R. Brown ; associate project directors, Christopher Flavin, Hilary F. French ; editor, Linda Starke ; contributing researchers, Janet N. Abramovitz ... [et al.].
246 14 - VARYING FORM OF TITLE
Title proper/short title 1999 State of the world
504 ## - BIBLIOGRAPHY, ETC. NOTE
Bibliography, etc Includes bibliographical references (p. [189]-248 and index.
906 ## - LOCAL DATA ELEMENT F, LDF (RLIN)
a 7
b cbc
c copycat
d 2
e ncip
f 20
g y-gencatlg
942 ## - ADDED ENTRY ELEMENTS (KOHA)
Source of classification or shelving scheme
Item type Books
Holdings
Withdrawn status Lost status Source of classification or shelving scheme Damaged status Not for loan Collection code Permanent location Current location Shelving location Date acquired Total Checkouts Full call number Barcode Date last seen Price effective from Koha item type
          Koleksioni i përgjithshem UBT - Lipjan UBT - Lipjan Koleksioni i përgjithshem 02/14/2018   338.9 BRO 002-2998206 02/14/2018 02/14/2018 Books
UBT Library © 2015-2024. All rights reserved University Education for Business and Technology